banner-ar

سيناء حصونها وقلاعها : (Record no. 65754)

MARC details
000 -الفاتح
حقل البيانات ثابتة الطول 01047nam a22002417a 4500
005 - وقت وتاريخ اخر تعامل مع التسجيلة
رقم الضبط 20240530110841.0
008 - عناصر البيانات ثابتة الطول - معلومات عامة
حقل البيانات ثابتة الطول 200909s2018 ua f 000 0 ara d
017 ## - رقم الايداع القانونى
رقم الايداع القانونى 2018/22947
المصدر ( الهيئة المختصة) مصر. دار الكتب
020 ## - الرقم الدولى المعيارى للكتب
الرقم الدولى المعيارى للكتاب 9789779120560
040 ## - مصدر الفهرسة
وكالة الفهرسة الأصلية EG-CaGPL
وكالة النسخ EG-CaGPL
082 04 - رقم تصنيف ديوى العشرى
رقم الطبعة 21
رقم التصنيف 962.39
رقم المادة ق/س س
100 0# - المدخل الرئيسى - إسم شخصى
الإسم الشخصى سامى صالح عبدالمالك
245 10 - بيان العنوان
العنوان سيناء حصونها وقلاعها :
بقية العنوان الفراغ الاستراتيجى فى عصر صلاح الدين الايوبى /
بيان المسئوليه,etc سامى صالح عبدالمالك
250 ## - بيان الطبعة
بيان الطبعة ط.1
260 ## - PUBLICATION, DISTRIBUTION, ETC. (IMPRINT)
تاريخ النشر أو التوزيع 2018.
300 ## - الوصف المادى
التعداد 1098 ص. ؛
أبعاد الوعاء 24 سم.
504 ## - تبصرة ببليوجرافية
تبصرة ببليوجرافية,الخ يشتمل على ارجاعات ببليوجرافية
651 07 - المدخل الاضافى بالموضوع - اسم جغرافى
مصدر الرأس أو المصطلح qrmak
الاسم الجغرافي سيناء
التقسيم الفرعي العام وصف ورحلات
651 07 - المدخل الاضافى بالموضوع - اسم جغرافى
الاسم الجغرافي سيناء
التقسيم الفرعي العام تاريخ
مصدر الرأس أو المصطلح qrmak
651 07 - المدخل الاضافى بالموضوع - اسم جغرافى
الاسم الجغرافي سيناء
التقسيم الفرعي العام الحصون والقلاع
التقسيم الفرعي الزمني عصر صلاح الدين الايوبى
مصدر الرأس أو المصطلح qrmak
942 ## - عناصر المدخل الإضافي( كوها)
مصدر التصنيف او مخطط الترفيف Dewey Decimal Classification
Koha [default] item type كتاب
260 ## - PUBLICATION, DISTRIBUTION, ETC. (IMPRINT)
-- القاهرة :
-- الهيئة المصرية العامة للكتاب،
Holdings
حالة التراجع حالة الفقد حالة تلف ليس للاعارة المكان المؤقت الموقع الحالى موقع الترفيف تاريخ الاكتساب اجمالي اﻻعارات رقم الطلب الباركود تاريخ اخر مشاهدة تاريخ تفعيل السعر نوع وعاء كوها
        مكتبة القاهرة الكبرى مكتبة القاهرة الكبرى   09/12/2020   962.39 ق/س س 166875 09/12/2020 09/12/2020 كتاب

Powered By

EGPV